| 000 | 00546nam a2200193 a 4500 | ||
|---|---|---|---|
| 001 | 000021510 | ||
| 005 | 20200930011342.0 | ||
| 008 | 100908s1979 mx 000 0 spa d | ||
| 020 | _a9682302188 | ||
| 040 |
_aDO-SdBNP _bspa _cBNPHU |
||
| 082 |
_a150.195 _bG815t |
||
| 100 | 1 |
_aGreenson, Ralph R. _944829 |
|
| 245 | 1 | 0 |
_aTécnica y práctica del psicoanálisis / _cRalph R. Greenson. |
| 250 | _a3a ed. | ||
| 260 |
_aMéxico, D. F. : _bSiglo Veintiuno, _c1979. |
||
| 300 |
_a421 p. ; _c22 cm. |
||
| 650 | 4 |
_aPsicoanálisis _91958 |
|
| 049 | _aBNGR | ||
| 999 |
_c21010 _d21010 |
||